| 000 | 00845nam a2200301 a 4500 | ||
|---|---|---|---|
| 003 | AR-BaBNM | ||
| 005 | 20251128210933.0 | ||
| 008 | 082120s2002 ||||||||||||||000 | spa|| | ||
| 020 | _a968-16-4546-4 | ||
| 040 | _cAR-BaBNM | ||
| 100 | 1 | _aHowe, Deborah | |
| 245 | 0 | 0 |
_aBonícula _buna historia de misterio conejil |
| 250 | _a2ª ed. | ||
| 260 |
_aMéxico, D.F. _bFondo de Cultura Económica _c1996 |
||
| 300 |
_a89 p. _bil. |
||
| 490 | 0 |
_aA la orilla del viento _vv. 24 |
|
| 650 | 4 | _aLITERATURA ESTADOUNIDENSE | |
| 650 | 4 | _aLITERATURA CONTEMPORANEA | |
| 653 | _aNARRATIVA | ||
| 653 | _aLITERATURA JUVENIL | ||
| 655 | _aLITERATURA | ||
| 700 | 1 | _aHowe, James | |
| 700 | 1 |
_aHuerta, David _etraductor |
|
| 700 | 1 |
_aNava Bouchaín, Francisco _eilustrador |
|
| 800 | 1 |
_aGoldin, Daniel _ecoordinador |
|
| 942 | _cBK | ||
| 998 | _cMARTIN | ||
| 999 |
_c17537 _d17537 |
||